000 00423nam a22001697a 4500
003 MACL
005 20160115125450.0
008 160115b xxu||||| |||| 00| 0 eng d
040 _cMACL
041 _aEnglish
082 _a200/DEV
100 _aDr.Devi,P. Indira
_932547
245 _aSalman Rushdie and Magic Realism
260 _aNew Delhi
_bResearch India Press
_c2011
650 _aRealism
_932548
942 _2ddc
_cBK
999 _c52410
_d52410